|
|
|
|
| LEADER |
00000cam a2200000 7i4500 |
| 001 |
0000004111 |
| 005 |
20160427.0 |
| 020 |
0 |
0 |
|a 9789671052839
|
| 090 |
0 |
0 |
|a 577.340959521
|b OLD 2014
|
| 245 |
1 |
2 |
|a The green heart of Sabah :
|b Danum Valley, Maliau Basin, Imbak Canyon & Gunung Silam
|c author oldfield, Matt
|
| 260 |
0 |
0 |
|a Kota Kinabalu, Sabah :
|b Scubazoo Publications ,
|c 2014
|
| 300 |
|
|
|a vii, 82 p. :
|b col. ill. ;
|c 22 cm.
|
| 500 |
0 |
0 |
|a Includes index
|
| 650 |
0 |
0 |
|a Rain forest ecology
|z Sabah
|
| 650 |
0 |
0 |
|a Rain forest fauna
|x Sabah
|
| 650 |
0 |
0 |
|a Rain forest plants
|x Sabah
|
| 998 |
|
|
|a JPSM
|
| 999 |
|
|
|a 007948
|b Monograph
|c Open Shelf
|e Default branch
|